000 00592nam a2200181Ia 4500
008 090630s9999 xx 000 0 und d
082 _b5252
100 _aकुळकर्णी जी. ए.
245 _aअमृत फळे.
_cकुळकर्णी जी. ए.
260 _bकॉन्टीनेंटल.
_c1980
300 _a159
600 _aकुळकर्णी जी. ए.
630 _aअमृत फळे.
655 _aबालवाङमय.
700 _aकुळकर्णी जी. ए.
730 _aअमृत फळे.
942 _cBOOK
999 _c257108
_d257108